000
00335nam a22001457a 4500
008
210609b ||||| |||| 00| 0 eng d
020
_a
9780812114355
041
_a
eng
080
_2
5th
_a
591
082
_a
591
100
_a
7
101
_a
ZOO
245
_a
Anatomy and Physiology of Farm Animals
_c
Frandson,R.D
942
_2
udc
_c
BK
999
_c
58093
_d
58093